LEADER 01136nam a2200265 u 4500 001 000000013074 003 CaOOAMICUS 005 20070226105619.0 008 941013s1984 it u000 u ita u 035 $a10313907 040 $aPUL$bita 100 1 $aBizzeti, Paolo.$0(OLS)http://pul/name/12358 245 13$aIl libro della Sapienza :$bstruttura e genere letterario /$cPaolo Bizzeti. 260 $aBrescia ;$aPaideia ,$cc1984. 300 $a190 p. ;$c24 cm 490 1 $aRivista biblica.$aSupplementi ;$v11 630 04$aBiblia.$pV.T.$pSapientia$xCritica e interpretazione.$0(OLS)http://pul/subject/5276 710 2 $aAssociazione biblica italiana.$0(OLS)http://pul/name/5240 830 0$aRivista biblica.$pSupplementi ;$v11.$0(OLS)http://pul/title/7358 850 $aPUL 852 $aPUL$W1$xSL Religione 1$y3$m6(1) D 1$j18456$nBK-PRI$b $qStampati$B18456$CPULBib$Z2$F18456 $H $81 941 1 $a8 961 $aINV: 52629. 996 $6245$aIl libro della Sapienza :$bstruttura e genere letterario$9(OLS)http://pul/title/18893 996 $6260$aBrescia ;$aPaideia $9(OLS)http://pul/publisher/53873 LEADER 01216nam a2200313 a 4500 001 000000132327 003 CaOOAMICUS 005 20130115175143.0 008 130115s2011 fr u000 u fre r 020 $a978-2-7067-0807-7 040 $aPUL$bita 082 04$a231 100 1 $aBrague, Rémi.$0(OLS)http://pul/name/49417 245 10$aQui est le Dieu des chrétiens? /$cRémi Brague, Jean-Pierre Batut. 260 $aParis :$bSalvator,$c2011. 300 $a123 p. ;$c20 cm 490 1 $aControverses 650 4$aDio$xDottrina cristiana.$0(OLS)http://pul/subject/9476 650 4$aCarità.$0(OLS)http://pul/subject/670 700 1 $aBatut, Jean-Pierre.$0(OLS)http://pul/name/83775 830 0$aControverses.$0(OLS)http://pul/title/167173 850 $aPUL 852 $aPUL$W1$xSL Religione 3$y85$m231 BRARE 1$j152278$qDDC 21$B151631$CPULBib$Z2$F151631 $H121361 $82 941 1 $a9 996 $6020$a978-2-7067-0807-7$9(OLS)http://pul/number/151497 996 $6082$a231$9(OLS)http://pul/classification/408 996 $6245$aQui est le Dieu des chrétiens?$9(OLS)http://pul/title/167172 996 $6260$aParis :$bSalvator$9(OLS)http://pul/publisher/70387